Les featurings de Ninho - Statistiques

Statistiques générales
  • Ce quiz a été pris 1 381 fois
    683 depuis la dernière actualisation
  • Le résultat moyen est 33 sur 77
Statistiques - réponses
Département Artistes Sons % Correct
91 Niska Elle a mal (2016), Maman ne le sait pas (2019), Méchant (2019), N.I. (2021), GOAT (2024)
100%
93 Dadju Jamais (2019), Grand bain (2020)
91%
13 Jul Et je deviens fou (2018), Jusqu'à minuit (2019), Tel Me (2019)
91%
75 Leto Crésus (2016), Avon Barksdale (2018), Gaine D 2.0 (2019), Tes parents (2019), Double binks (2020), Macaroni (2020), La vie du binks (2021), Vie de star (2021)
89%
91 Koba LaD La vivance (2019), Quotidien (2019), Encore (2020), 911 (2024)
88%
13 Naps 6.3 (2020), TOUT VA BIEN (2022), Blue (2023)
85%
94 Rim'K Air Max (2018)
85%
91 Zola Papers (2019)
84%
93 Maes Distant (2020), SURVIE (2024)
83%
93 Gazo Mauvais 2X (2021)
82%
45 Vegedream Elle est bonne sa mère (2019)
78%
13 Alonzo Ce soir (2017), C'est elle (2019), TOUT VA BIEN (2022)
77%
BEL Damso Promo (2020)
77%
13 SCH Prêt à partir (2018), Mayday (2019), La vie du binks (2021), Kimono (2021)
75%
93 Werenoi 3 singes (2023), Ciao (2023)
75%
93 Sofiane Mortal Kombat (2017), Grand paris (2017), Laisse pas traîner ton fils (2017), Longue vie (2018)
73%
UK Central Cee Eurostar (2023)
72%
93 Hornet la Frappe Sheitana (2018), Longue vie (2018), La vie du binks (2021), Gasolina (2021)
71%
75 Nekfeu De l'autre côté (2017)
70%
Unknown Yaro Refait (2017), Quelle heure (2017), Dios mio (2020), Refait (2021), 44 (2018), Bucci Night Punjabi Remix (2019), Mec de cité (2020), Le jeu (2020), Dernier Étage (2022)
67%
93 Heuss l'Enfoiré Centre commercial (2020), La Marseillaise (2022)
62%
13 Soprano Musica (2019), La vie du binks (2021)
61%
93 DA Uzi Entre les murs (2019), Crois-moi (2020), La vie du binks (2021), Kongolais mauvais (2022), OTF (2025)
59%
93 Sadek La Roma (2016), Madre mia (2017), La vie du binks (2021), Kimono (2021)
57%
75 Kpoint Ma 6t a craqué (2018)
56%
243 Fally Ipupa À Kinshasa (2019), Likolo (2020)
55%
41 Niro Kim Jong-il (2019)
55%
59 Gradur Lové (2017), BLH (2019)
54%
94 Hös Copperfield Dita (2019), Ma guapa (2019), Tu sais qu'on est gang (2020), Pirate (2020), Incertain (2021), A L'AUBE (2023)
52%
61 Orelsan Millions (2021)
51%
76 Médine Grand Paris (2017)
50%
92 PLK Mec de cité (2020)
50%
Unknown GAULOIS Jolie (2023), Sens interdit (2024)
49%
93 Landy Enfants terribles (2020)
46%
972 Kalash Tennessee (2022)
43%
US Lil Baby Blue Story (2023)
43%
60 Naza À midi (2018), Quille (2024)
42%
CAN/MAR Faouzia Money (2019)
40%
93 Mac Tyer Moto (2020)
40%
BEL Hamza Elle m'a dit (2021)
38%
95 Youssoupha Grand Paris (2017)
38%
75 MHD Bénéfice (2018)
36%
Unknown Tito Zéro paluche (2019)
35%
NIG Ayra Starr No love (2023)
32%
75 Franglish Sécu (2022)
32%
93 4Keus Gang Midi dans le ghetto (2018)
31%
91 Ronisia Suis-moi (2022)
30%
242 Serge Ibaka Champion (2021)
30%
Unknown Griff Every day (2020)
29%
94 Lacrim Veux-tu ? (2017)
29%
91 Kaneki Jules César (2022), Blue (2023)
28%
Unknown YL Sicario (2018)
26%
Unknown Blasko Toutes options (2018)
25%
Unknown Lartiste Grand Paris (2017)
25%
NIG Omah Lay Bad (2023)
25%
60 KeBlack Je fais ma vie (2020)
23%
95 Seth Gueko Grand Paris (2017)
22%
93 Zed Double binks (2020)
22%
93 GLK Mortal Kombat (2017), Mauvais (2018)
20%
Unknown Lino Grand Paris (2017)
19%
13 Graya Mortal Kombat (2017), Coucou (2022)
17%
Unknown Lamatrix 11H (2022), MAUVAIS PROFIL (2024)
15%
Unknown Amy Mauvais côté (2019)
14%
Unknown Alivor Grand Paris (2017)
13%
93 13 Block Mains sales (2017)
11%
Unknown Capo Plaza Billets (2018)
11%
93 Gianni La Calle (2021)
10%
77/243 Hiro Mec de cité (2020)
9%
243 Koffi Olomide Hercule (2021)
9%
Unknown Dadinho Mendosa (2021)
7%
Unknown Kingzer Gaine D 2.0 (2019)
7%
77 Negrito Karma (2024)
7%
Unknown KADEU BRICI (2024)
6%
Unknown Douma Kalash Igo 10 (2016)
5%
Unknown The S Mortal Kombat (2017)
5%
Unknown Riane Mortal Kombat (2017)
4%
Unknown Médé CARTOUCHE (2023)
3%
Aucun quiz correspondant
Distribution des résultats
% des personnes avec chaque résultat
Percentile par nombre de réponses
Votre historique - résultats
Vous n’avez pas pris ce quiz depuis la dernière actualisation